00710nam a2200229 a 4500001001300000003000900013005001700022008004100039020002300080082001900103100001100122245006600133260003300199300001000232500003500242650004000277700001100317902000800328942000700336952012000343999001700463nice12345678IN_TiNIC20260116014016.0140722s2010 inda grp 000 0 eng  a9780143068341c49900a294.59218bOSH aOsho,  aFinger Pointing to the Moonb Talks on the Adhyatma Upanishad aIndia bPenguin Books c2010 a438p  aincludes index and biblioraphy aUpanishads-Criticism & Interpretati1 aOsho,  bSRS cBK 001040708StackRoom-aHMIbHMId2005-01-01g499.00l0o294.59218 OSHp024505r2005-01-01v499.00w2014-07-22yBK c13478d13478